| 000 | 00803nam a2200289 a 4500 | ||
|---|---|---|---|
| 003 | AR-BaBNM | ||
| 005 | 20251128204154.0 | ||
| 008 | 082120s2002 ||||||||||||||000 | spa|| | ||
| 020 | _a84-87767-05-2 | ||
| 040 | _cAR-BaBNM | ||
| 100 | 1 | _aGuerrero López, José Francisco | |
| 245 | 0 | 0 |
_aEstudio sobre los inadaptados _bdiario de campo |
| 260 |
_aMálaga _bEdiciones Aljibe _c1992 |
||
| 300 | _a137 p. | ||
| 504 | _aContiene bibliografía | ||
| 650 | 4 | _aINADAPTADOS | |
| 650 | 4 | _aEDUCACION ESPECIAL | |
| 650 | 4 | _aINVESTIGACION SOBRE LA CONDUCTA | |
| 650 | 4 | _aPROBLEMAS DE ADAPTACION | |
| 650 | 4 | _aPROBLEMAS DE COMPORTAMIENTO | |
| 650 | 4 | _aMARGINALIDAD SOCIAL | |
| 650 | 4 | _aDELINCUENCIA | |
| 650 | 4 | _aSIGLO VEINTE | |
| 653 | _aINVESTIGACION EDUCATIVA | ||
| 942 | _cBK | ||
| 998 | _cGrace | ||
| 999 |
_c6469 _d6469 |
||